01531nam a2200337 a 4500001001000000003000500010005001700015008004100032010001100073011001100084040000900095090001000104100004600114245017000160260004100330500006000371502010800431590004000539590004000579650004400619650003300663650006500696650005400761856007000815901000700885942001000892942000600902999001900908952013100927952013501058000113216CHAP20220329144344.0170517s2017 mx a fsm |||||||spa d a109677 a110649 cCHAP aTesis1 aMartínez Martínez, Atzintlali913225910aIdentificación de hongos causantes de enfermedades foliares del Agave spp. en la región del Mezcal, Oaxaca /h[En línea]cpor Atzintlali Martínez Martínez. aChapingo, Méx. :bEl autor,c2017. aPara ver el contenido del material haga clic en la liga aTesis (Ing. Agr. Esp. en Parasitología Agrícola) --UACH. Departamento de Parasitología Agrícola aE8697GMMb05c20170517lUCH01h1227 aE8697GMMb05c20170517lUCH01h141114aAgavexEnfermedades por hongos.913226014aAgavexMejoramiento.913046314aHongos fitopatógenosxFisiología y morfología.912660714aHongos fitopatógenosxIdentificación.9131720 aFinding aiduhttp://10.13.5.2/tesis/sist113216.pdfzTeclea aquí aBK cTESIS n0 c109677d109677 00104054718TESISaBCbBCd2017-05-17fTESISl0oTesisp113218-10r2019-12-31 00:00:00w2019-12-31yTESISzRecien adquirido 00102local4053708TESISaBCbBCcPA_TESISd2017-05-17fTESISl0oTesisp113218-20r2019-12-31 00:00:00tc.2w2019-12-31yTESIS